Regionálny rozvoj Trenčianskeho kraja

Bibliographic Details
Main Author: Cagala, Viliam (Author)
Format: Article
Language:Slovak
ISBN:8096798871

MARC

LEADER 00000naa a2200000uu 4500
001 vtls010942990
003 SK-MaSNL
005 20260302123431.0
008 210824|1998 xo |||||||||||||||||slo|
015 |a SNBRA 
035 |a (urnnbn)urn:nbn:sk:snk:ar-a0bdb3 
035 |a (uuid)0f718114-24bf-4c09-a824-747dfafd050a 
035 |a urn:nbn:sk:snk-aau5jm 
040 |a SNKBUCL  |b slo  |c SNKBUCL  |e AACR2 
041 0 |a slo 
044 |a xo  |c SK 
100 1 |a Cagala, Viliam  |4 aut  |9 393616 
245 1 0 |a Regionálny rozvoj Trenčianskeho kraja  |c Viliam Cagala 
773 0 |t Regionálny rozvoj Trenčianskeho kraja  |d Trenčín : Krajský úrad, 1998  |g S. 19-22  |z 8096798871 
958 |a OND 
958 |a article11 
958 |a chapter 
999 |c 1283045  |d 1284975